Roentgendiagnóstico... / (Record no. 45292)

MARC details
000 -LEADER
campo de control de longitud fija 00626nam a2200193 i 4500
001 - NÚMERO DE CONTROL
campo de control 45292
003 - IDENTIFICADOR DE NÚMERO DE CONTROL
campo de control ES-MaACL
005 - FECHA Y HORA DE LA ÚLTIMA TRANSACCIÓN
campo de control 20230906161207.0
007 - CAMPO FIJO DE DESCRIPCIÓN FÍSICA--INFORMACIÓN GENERAL
campo de control de longitud fija t|
008 - DATOS DE LONGITUD FIJA--INFORMACIÓN GENERAL
campo de control de longitud fija 030325s1962 sp ||||1| spa d
100 1# - ENTRADA PRINCIPAL--NOMBRE DE PERSONA
Nombre de persona Cocchi, U.
9 (RLIN) 39387
245 10 - MENCIÓN DEL TÍTULO
Título Roentgendiagnóstico... /
Mención de responsabilidad, etc. por U. Cocchi y P. Thurn ; traducido y revisado por R. Quintana de Tortosa y L. Pedro-Solé.
260 ## - PUBLICACIÓN, DISTRIBUCIÓN, ETC.
Lugar de publicación, distribución, etc. Barcelona, etc. :
Nombre del editor, distribuidor, etc. [Marin,
Fecha de publicación, distribución, etc. 1962]
300 ## - DESCRIPCIÓN FÍSICA
Extensión VIII, 341 p. :
Otras características físicas il. ;
Dimensiones 26 cm.
700 1# - ENTRADA AGREGADA--NOMBRE PERSONAL
Nombre de persona Thurn, P.
9 (RLIN) 110187
700 1# - ENTRADA AGREGADA--NOMBRE PERSONAL
Nombre de persona Quintana de Tortosa, R.
9 (RLIN) 94683
700 1# - ENTRADA AGREGADA--NOMBRE PERSONAL
Nombre de persona Pedro-Solé, L.
9 (RLIN) 89930
852 ## - LOCALIZACIÓN
Ubicación ES-MaACL
Número de control de estantería C-21865
Sublocalización o colección R.50432
Holdings
Estatus retirado Estado de pérdida Estado de daño No para préstamo Biblioteca de origen Biblioteca actual Ubicación en estantería Fecha de adquisición Fuente de adquisición Total de préstamos Signatura topográfica completa Código de barras Visto por última vez Precio de reemplazo Tipo de ítem Koha
        Biblioteca del Ateneo de Madrid Biblioteca del Ateneo de Madrid Galería 17/01/2008     C-21865 1047658 23/02/2023 23/02/2023 Libro impreso